01830nam a2200481 i 450000100060000000300080000600500170001400600190003100700150005000800410006502000270010602000180013303500230015103500240017403500250019803500210022304000310024405000210027508000070029608200140030310000270031724501120034426400700045630000410052633600310056733700330059833800430063149000580067450000220073250400290075458801270078359001590091065000150106965000120108465000170109665000110111365500270112470000400115179700190119183000590121085600620126999900170133125212FlNmELB20241216215814.0m o d | cr cnu||||||||151029s2011 ag ob 001 0 spa d a9789875583351 (e-book) z9789875582095 a(MiAaPQ)EBC3430003 a(Au-PeEL)EBL3430003 a(CaPaEBR)ebr11087135 a(OCoLC)949152565 aFINmELBbspaerdacFINmELB 4aRA784bW132 2011 a610 a613.22231 aWagner, Jorge Ricardo.10aNutrición :bfundamentos energéticos y metabólicos /cJorge Ricardo Wagner, Anahí Virginia Cuellas. 1aBernal :bEditorial de la Universidad Nacional de Quilmes,c2011. a1 recurso en línea (215 páginas) atextobtxt2rdacontent/spa acomputadorabc2rdamedia/spa arecurso en líneabcr2rdacarrier/spa1 aColección Nuevos enfoques en ciencia y tecnología aIncluye índice. aContiene bibliografía. aDescripción basada en recurso en línea; Título de la página del título en PDF (e-libro, visto October 27, 2015). aRecurso electronico. Santa Fe, Arg. : e-libro, 2014. Disponible via World Wide Web. El acceso puede ser limitado para las bibliotecas afiliadas a e-libro. 0aNutrition. 0aHealth. 4aNutrición. 4aSalud. 4aLibros electrónicos.1 aCuellas, Anahí Virginia,eautora.2 ae-libro, Corp. 0aColección Nuevos enfoques en ciencia y tecnología.40uhttps://elibro.net/ereader/politecnicointernacional/77568 c25212d25212